¿Y qué nombre le pondremos? : (Registro nro. 7571)

Detalles MARC
000 -LIDER
fixed length control field 00741nam a2200229 a 4500
001 - NÚMERO DE CONTROL
Identificador de número de control 000002201
003 - IDENTIFICACDOR DE NÚMERO DE CONTROL
control field DO-SdBNP
005 - DATE AND TIME OF LATEST TRANSACTION
control field 20240716115312.0
007 - CAMPOS FIJOS DE DESCRIPCIÓN FÍSICA
fixed length control field 000002201
008 - ELEMENTOS DE LONGITUD FIJA
fixed length control field 090701s2002 dr a 000 0 spa d
020 ## - ISBN
International Standard Book Number 9993489107
040 ## - FUENTE DE CATALOGACIÓN
Agencia que crea de manera original el registro BPMSU
Idioma de catalogación spa
Agencia que realiza la transcripción BPMSU
082 #4 - NÚMERO DE CLASIFICACIÓN DECIMAL DE DEWEY
Classification number 793.735
Item number C764y 2019
Edition number 22
100 1# - ASIENTO PRINCIPAL -- NOMBRE PERSONAL
Nombre personal Contreras, Brunilda
Fechas asociadas con el nombre 1949-
245 10 - MENCIÓN DE TITULO
Título ¿Y qué nombre le pondremos? :
Subtítulo más adivinanzas... /
Mención de responsabilidad Brunilda Contreras ; ilustraciones Jorge Pineda.
260 ## - PUBLICACIÓN, DISTRIBUCIÓN, ETC. (PIE DE IMPRENTA)
Lugar de publicación, distribución, etc Santo Domingo :
Nombre del editor, distribuidor, etc. Talleres de 3c print,
Fecha de publicación, distribución, etc 2002.
300 ## - DESCRIPCIÓN FÍSICA
Extensión [60] p. :
Otros detalles físicos il. ;
Dimensiones 20 cm.
650 #4 - ENCABEZAMIENTO DE MATERIA--TEMÁTICO
Término temático o nombre geográfico como elemento de entrada Adivinanzas
Subdivisión geográfica República Dominicana
700 1# - ASIENTO SECUNDARIO -- NOMBRE PERSONAL
Nombre personal Pineda, Jorge,
Mención de responsabilidad ilustraciones
910 ## - VALIDACIÓN
Validación VMateo V. Control de calidad. BPMSU
942 ## - ADDED ENTRY ELEMENTS (KOHA)
Source of classification or shelving scheme Dewey Decimal Classification
Koha item type Libros
Existencias
Withdrawn status Lost status Source of classification or shelving scheme Damaged status Not for loan Collection code Home library Current library Date acquired Total Checkouts Full call number Barcode Date last seen Price effective from Koha item type Source of acquisition Copy number
    Dewey Decimal Classification     Colección Infantil Dominicana Biblioteca Pública Metropolitana Salomé Ureña Biblioteca Pública Metropolitana Salomé Ureña 03/09/2015   BPMSU CDI 793.735 C764y 2019 BPMSU15040307 03/09/2015 03/09/2015 Libros    
    Dewey Decimal Classification     Colección Infantil Dominicana Biblioteca Pública Metropolitana Salomé Ureña Biblioteca Pública Metropolitana Salomé Ureña 03/09/2015   BPMSU CDI 793.735 C764y 2019 BPMSU15040308 03/09/2015 03/09/2015 Libros FUNDI e.2
    Dewey Decimal Classification     Colección Infantil Dominicana Biblioteca Pública Metropolitana Salomé Ureña Biblioteca Pública Metropolitana Salomé Ureña 03/09/2015   BPMSU CDI 793.735 C764y 2019 BPMSU24080018 08/08/2024 03/09/2015 Libros FUNDI e.3